[Event "DEM 1999"]
[Site "Altenkirchen"]
[Date "1999.11.16"]
[Round "5"]
[White "Blum, Gernot"]
[Black "Walter, Guenter"]
[Result "0-1"]
[WhiteElo "2128"]
[BlackElo "2305"]
[PlyCount "80"]

1. c4 e6 2. Nc3 d5 3. d4 c6 4. e4 dxe4 5. Nxe4 Bb4+ 6. Nc3 c5 7. Nf3 Nf6 8. Be3
O-O 9. Qc2 cxd4 10. Nxd4 e5 11. Nf3 Nc6 12. Rd1 Qa5 13. Be2 Bg4 14. O-O Bxc3
15. bxc3 e4 16. Nd4 Bxe2 17. Qxe2 Ne5 18. Rb1 Qxc3 19. Rfc1 Qd3 20. Qe1 Qa3 21.
Bg5 Nd3 22. Qe3 Ng4 23. Qg3 Qc5 24. Qxg4 Qxd4 25. Rc2 f5 26. Qg3 f4 27. Qg4
Rae8 28. g3 Ne5 29. Qh5 fxg3 30. hxg3 Nf3+ 31. Kg2 Re5 32. Rh1 Nxg5 33. Re2 h6
34. Qg6 Re6 35. Qh5 Ref6 36. Rf1 Qxc4 37. Qg4 Qc6 38. Re3 Ne6 39. Qh5 Qa4 40.
Qd1 Rxf2+ 0-1

[Event "DEM 1999"]
[Site "Altenkirchen"]
[Date "1999.11.16"]
[Round "5"]
[White "Kindermann, Stefan"]
[Black "Reefschlaeger, Helmut Dr."]
[Result "1-0"]
[WhiteElo "2527"]
[BlackElo "2381"]
[PlyCount "72"]

1. e4 e6 2. d4 d5 3. Nc3 Nf6 4. Bg5 Bb4 5. e5 h6 6. Bd2 Bxc3 7. bxc3 Ne4 8. Qg4
Kf8 9. Bd3 Nxd2 10. Kxd2 c5 11. h4 c4 12. Be2 Nc6 13. Rh3 b5 14. Qf4 Bd7 15.
Bh5 Be8 16. Ne2 a5 17. g4 b4 18. Rah1 Ra7 19. g5 Ne7 20. Bg4 Qb6 21. h5 Ng8 22.
g6 f6 23. exf6 gxf6 24. Re3 Re7 25. g7+ Kxg7 26. Bxe6 Rxe6 27. Qg4+ Kf7 28. Rg1
Ke7 29. Qg7+ Bf7 30. Rxe6+ Qxe6 31. Qxh8 Qf5 32. Rg3 Qxf2 33. Qg7 Ke8 34. Re3+
Ne7 35. Qxh6 Kd7 36. Qf4 36... Qg2 {Zeitueberschreitung} 1-0